<?xml version="1.0" encoding="UTF-8"?>
<record
    xmlns:xsi="http://www.w3.org/2001/XMLSchema-instance"
    xsi:schemaLocation="http://www.loc.gov/MARC21/slim http://www.loc.gov/standards/marcxml/schema/MARC21slim.xsd"
    xmlns="http://www.loc.gov/MARC21/slim">

  <leader>01171nam a2200337 a 4500</leader>
  <datafield tag="999" ind1=" " ind2=" ">
    <subfield code="c">142192</subfield>
    <subfield code="d">142192</subfield>
  </datafield>
  <controlfield tag="001">vtls000659390</controlfield>
  <controlfield tag="003">PNM</controlfield>
  <controlfield tag="005">20180728150236.0</controlfield>
  <controlfield tag="008">111025t20122012my a   g |    000 0 may  </controlfield>
  <datafield tag="020" ind1=" " ind2=" ">
    <subfield code="a">9789673910748 (jil. 2) :</subfield>
    <subfield code="c">RM112.00</subfield>
    <subfield code="q">hardback</subfield>
  </datafield>
  <datafield tag="039" ind1=" " ind2="9">
    <subfield code="a">201209100854</subfield>
    <subfield code="b">manoriah</subfield>
    <subfield code="c">201110251616</subfield>
    <subfield code="d">izlin</subfield>
    <subfield code="c">201110251615</subfield>
    <subfield code="d">izlin</subfield>
    <subfield code="c">201110250745</subfield>
    <subfield code="d">norliar</subfield>
  </datafield>
  <datafield tag="040" ind1=" " ind2=" ">
    <subfield code="a">BNM</subfield>
    <subfield code="c">PNM</subfield>
    <subfield code="b">eng</subfield>
    <subfield code="d">PPAK</subfield>
    <subfield code="e">rda</subfield>
  </datafield>
  <datafield tag="049" ind1=" " ind2=" ">
    <subfield code="a">klpmal</subfield>
  </datafield>
  <datafield tag="082" ind1="0" ind2="4">
    <subfield code="a">305.235</subfield>
    <subfield code="2">23</subfield>
  </datafield>
  <datafield tag="090" ind1="0" ind2="0">
    <subfield code="a">305.235</subfield>
    <subfield code="b">AIS</subfield>
    <subfield code="d">G</subfield>
  </datafield>
  <datafield tag="100" ind1="0" ind2=" ">
    <subfield code="a">Aishah Aziz,</subfield>
    <subfield code="d">1983-</subfield>
    <subfield code="e">author</subfield>
  </datafield>
  <datafield tag="245" ind1="1" ind2="0">
    <subfield code="a">ROKOK... PEMBUNUH DALAM DIAM</subfield>
    <subfield code="n">Jilid 2 /</subfield>
    <subfield code="c">Aishah Aziz</subfield>
  </datafield>
  <datafield tag="264" ind1=" " ind2=" ">
    <subfield code="a">Seri Kembangan, Selangor :</subfield>
    <subfield code="b">Penerbitan Premier,</subfield>
    <subfield code="c">2012</subfield>
  </datafield>
  <datafield tag="264" ind1=" " ind2="4">
    <subfield code="c">&#xA9; 2012</subfield>
  </datafield>
  <datafield tag="300" ind1=" " ind2=" ">
    <subfield code="a">iv, 44 pages :</subfield>
    <subfield code="b">colour illustrations ;</subfield>
    <subfield code="c">30 cm</subfield>
  </datafield>
  <datafield tag="336" ind1=" " ind2=" ">
    <subfield code="2">rdacontent</subfield>
    <subfield code="a">text</subfield>
  </datafield>
  <datafield tag="337" ind1=" " ind2=" ">
    <subfield code="2">rdamedia</subfield>
    <subfield code="a">unmediated</subfield>
  </datafield>
  <datafield tag="338" ind1=" " ind2=" ">
    <subfield code="2">rdacarrier</subfield>
    <subfield code="a">volume</subfield>
  </datafield>
  <datafield tag="490" ind1="1" ind2=" ">
    <subfield code="a">SIRI KEUNGGULAN SIVIK PEMANGKIN GENERASI CEMERLANG</subfield>
  </datafield>
  <datafield tag="500" ind1=" " ind2=" ">
    <subfield code="a">Jilid 2</subfield>
  </datafield>
  <datafield tag="504" ind1=" " ind2=" ">
    <subfield code="a">Includes bibliographical references: pages 44.</subfield>
  </datafield>
  <datafield tag="650" ind1="1" ind2="0">
    <subfield code="a">Teenagers</subfield>
    <subfield code="x">Conduct of life</subfield>
  </datafield>
  <datafield tag="650" ind1="2" ind2="0">
    <subfield code="a">Smoking</subfield>
    <subfield code="x">Health aspects</subfield>
  </datafield>
  <datafield tag="830" ind1=" " ind2="0">
    <subfield code="a">Siri keunggulan sivik pemangkin generasi cemerlang</subfield>
  </datafield>
  <datafield tag="942" ind1=" " ind2=" ">
    <subfield code="2">ddc</subfield>
    <subfield code="c">B</subfield>
  </datafield>
  <datafield tag="952" ind1=" " ind2=" ">
    <subfield code="0">0</subfield>
    <subfield code="7">0</subfield>
    <subfield code="b">PPAK</subfield>
    <subfield code="c">G</subfield>
    <subfield code="d">2018-05-08</subfield>
    <subfield code="o">305.235 AIS</subfield>
    <subfield code="p">A00736804</subfield>
    <subfield code="r">2018-05-08 00:00:00</subfield>
    <subfield code="y">B</subfield>
  </datafield>
</record>
